Where are the Growth Potentials in CESEE? An Illustration of Sectors and Products Using the Product Space

Salvato in:
Dettagli Bibliografici
Autore principale: Guadagno, Francesca
Altri autori: Hanzl-Weiss, Doris, Stehrer, Robert
Natura: Libro
Lingua:inglese
Pubblicazione: Vienna The Vienna Institute for International Economic Studies 2024
Soggetti:
Tags: Aggiungi Tag
Nessun Tag, puoi essere il primo ad aggiungerne!!

MARC

LEADER 00000nlm a2200000 4500
001 0304654
005 20241017165336.5
041 0 |a eng 
044 |a AT 
245 1 0 |a Where are the Growth Potentials in CESEE?  |b An Illustration of Sectors and Products Using the Product Space  |c Francesca Guadagno, Doris Hanzl-Weiss and Robert Stehrer 
264 1 |a Vienna  |b The Vienna Institute for International Economic Studies  |c 2024 
300 |a 64 s. 
610 2 0 |a obchod medzinárodný 
610 2 0 |a obchod zahraničný 
610 2 0 |a konkurencieschopnosť 
610 2 0 |a rast hospodársky 
100 1 |a Guadagno, Francesca 
700 1 |a Hanzl-Weiss, Doris 
700 1 |a Stehrer, Robert